Analyses of the Budapest Wolves KSE's marketing activity

Bibliográfiai részletek
Szerző: Szatlmayer Richárd Dávid
További közreműködők: Szabó Dr. habil Zoltán
Dokumentumtípus: Diplomadolgozat
Kulcsszavak:Budapest Wolves
Amerikai futball
Marketingmix
SWOT analízis
STEEP elemzés
Primer kutatás
Online Access:http://dolgozattar.uni-bge.hu/8550

MARC

LEADER 00000nta a2200000 i 4500
001 dolg8550
005 20170629120428.0
008 161209suuuu hu om 000 eng d
040 |a BGE Dolgozattár Repozitórium  |b hun 
041 |a en 
100 1 |a Szatlmayer Richárd Dávid 
245 1 0 |a Analyses of the Budapest Wolves KSE's marketing activity  |c Szatlmayer Richárd Dávid  |h [elektronikus dokumentum] 
246 1 1 |a A Budapest Wolves KSE marketing elemzése 
695 |a Budapest Wolves 
695 |a Amerikai futball 
695 |a Marketingmix 
695 |a SWOT analízis 
695 |a STEEP elemzés 
695 |a Primer kutatás 
700 1 |a Szabó Dr. habil Zoltán  |e ths 
856 4 0 |u http://dolgozattar.uni-bge.hu/8550/1/ThesisSzRD.pdf  |z Dokumentum-elérés